000 00305nam a22001217a 4500
008 160506b xxu||||| |||| 00| 0 eng d
020 _a9780801663864
020 _a0801663865
041 _aeng
080 _a61
245 _aMedical emergencies in the dental office:
_cStanley F.Malamend;
942 _2udc
_cBK
999 _c1838
_d1838